00346 a2200133 4500000002500000100002300025110002300048245003600071250001900107260003000126264003000156942000700186999001900193 nam a22 7a 4500 aJadhav, Balaji P.  aJadhav, Balaji P.  aSports psychology and sociology aLatest edition bKhel Sahitya Kendrac2025 bKhel Sahitya Kendrac2025 cBK c393714d393714